000 00494cam a2200193 4500
001 D4687
008 090401t1985 xxu||||| |||| 00| 0 eng d
035 _a(Sirsi) u13469
041 _aeng
050 _a625.76
110 _aDepartment of Transport
_91172
245 _aRoads and the utilities: review of the Public Utilities Street Works Act 1950
260 _aLondon
_bHMSO
_c1985
300 _a255p. 30cm
350 _a13
520 _aCover title
942 _n0
948 _c04/03/1997
999 _c87099
_d87099